Accounting : (Record no. 1567)

MARC details
000 -LEADER
fixed length control field 00596pam a2200193 a 4500
020 ## - INTERNATIONAL STANDARD BOOK NUMBER
ISBN 0256268436 (acidfree paper)
050 00 - CALL NUMBER
Classification number HF5635
Item number .M36 1999
100 1# - AUTHOR
Personal name Marshall, David H.
245 10 - TITLE
Title Accounting :
Remainder of title what the numbers mean /
Statement of responsibility, etc by David H. Marshall, Wayne W. McManus.
250 ## - EDITION
Edition statement 4th ed.
260 ## - PUBLICATION INFORMATION
Place of publication Boston :
Name of publisher Irwin/McGraw-Hill,
Year of publication c1999.
300 ## - DESCRIPTION
Number of Pages xvi, 608 p. :
Other physical details ill. ;
Dimensions 27 cm.
500 ## - NOTES
General note Includes index.
505 ## - FORMATTED CONTENTS NOTE
Table of Content Financial accounting<br/>Managerial accounting
650 #0 - SUBJECTS
Topical Term Accounting.
650 #0 - SUBJECTS
Topical Term Managerial accounting.
700 1# - OTHER AUTHORS
Personal name McManus, Wayne W.
942 ## - ADDED ENTRY ELEMENTS (KOHA)
Koha item type Books
Holdings
Withdrawn status Lost status Home library Current library Shelving location Date acquired Full call number Accession Number Koha item type Collection code
    Methodist University Library Main Methodist University Library Main General Stacks 13/08/2002 HF5635 .M36 1999 13372 Books  
    Methodist University Library Main Methodist University Library Main General Stacks 13/08/2002 HF5635 .M36 1999 13371 Books Reference
Copyright © 2026  MUG Library